| 000 | 00561nam a22002057a 4500 | ||
|---|---|---|---|
| 003 | OSt | ||
| 005 | 20231030081943.0 | ||
| 008 | 160309b xxu||||| |||| 00| 0 eng d | ||
| 020 | _a9780340968413 | ||
| 040 | _cDNLM | ||
| 082 | _aWS420 C181h 2010 | ||
| 100 |
_aEdited by Hilary, Lumsden; Debbie, Holmes _97200 |
||
| 245 | _aCare of the Newborn by Ten Teachers | ||
| 260 | _aUK; Hodder Anold, 2010 | ||
| 300 | _a197p; col.ill: 25cm | ||
| 504 | _aReferences, & index included | ||
| 650 |
_aNewborn _93536 |
||
| 650 |
_aPediatrics _93353 |
||
| 942 |
_2z _cO_SHELF |
||
| 999 |
_c3212 _d3212 |
||